Computational fluid dynamics (Record no. 20693)

MARC details
000 -LEADER
fixed length control field 00622 a2200205 4500
001 - CONTROL NUMBER
control field 140109
003 - CONTROL NUMBER IDENTIFIER
control field OSt
005 - DATE AND TIME OF LATEST TRANSACTION
control field 20260121121419.0
008 - FIXED-LENGTH DATA ELEMENTS--GENERAL INFORMATION
fixed length control field
020 ## - INTERNATIONAL STANDARD BOOK NUMBER
International Standard Book Number 9781259025969
082 ## - DEWEY DECIMAL CLASSIFICATION NUMBER
Classification number 532.05015118
Item number A23C
100 1# - MAIN ENTRY--PERSONAL NAME
Personal name Anderson, John D.
245 1# - TITLE STATEMENT
Title Computational fluid dynamics
Remainder of title : the basic with applications
Statement of responsibility, etc by John D. Anderson
260 ## - PUBLICATION, DISTRIBUTION, ETC. (IMPRINT)
Place of publication, distribution, etc New Delhi
Name of publisher, distributor, etc McGraw Hill
Date of publication, distribution, etc 2013
300 ## - PHYSICAL DESCRIPTION
Extent 547p.
546 ## - LANGUAGE NOTE
Language note english
650 ## - SUBJECT ADDED ENTRY--TOPICAL TERM
Topical term or geographic name as entry element Mathematics
653 ## - INDEX TERM--UNCONTROLLED
Uncontrolled term Computational fluid dynamics; Fluid dynamics--Mathematical models; Fluid dynamic measurements
942 ## - ADDED ENTRY ELEMENTS (KOHA)
Source of classification or shelving scheme Dewey Decimal Classification
Koha item type Books
Holdings
Withdrawn status Lost status Source of classification or shelving scheme Damaged status Not for loan Collection code Home library Current library Department Date acquired Source of acquisition Cost, normal purchase price Inventory number(Invoice/Date) Total Checkouts Full call number Barcode Date last seen Price effective from Koha item type
    Dewey Decimal Classification     General Text Book Central University Of Rajasthan Central University Of Rajasthan Mathematics 12/03/2014 Pranay Books 585.00 177/27.09.13   532.05015118 A23C 15980 21/11/2024 02/09/2020 Books
    Dewey Decimal Classification     General Text Book Central University Of Rajasthan Central University Of Rajasthan Mathematics 12/03/2014 Pranay Books 585.00 177/27.09.13   532.05015118 A23C 15981 21/11/2024 02/09/2020 Books
    Dewey Decimal Classification     General Text Book Central University Of Rajasthan Central University Of Rajasthan Mathematics 12/03/2014 Pranay Books 585.00 177/27.09.13   532.05015118 A23C 15982 21/11/2024 02/09/2020 Books
    Dewey Decimal Classification     Reserve Text Book Central University Of Rajasthan Central University Of Rajasthan Mathematics 12/03/2014 Pranay Books 585.00 177/27.09.13   532.05015118 A23C 15979 21/11/2024 02/09/2020 Books